Mckay's Building Construction (Record no. 8031)

000 -LEADER
fixed length control field 00358nam a22001457a 4500
003 - CONTROL NUMBER IDENTIFIER
control field OSt
005 - DATE AND TIME OF LATEST TRANSACTION
control field 20200619154231.0
008 - FIXED-LENGTH DATA ELEMENTS--GENERAL INFORMATION
fixed length control field 200619b ||||| |||| 00| 0 eng d
020 ## - INTERNATIONAL STANDARD BOOK NUMBER
International Standard Book Number 9781138628342
082 ## - DEWEY DECIMAL CLASSIFICATION NUMBER
Classification number 690
Item number MCK
100 ## - MAIN ENTRY--PERSONAL NAME
Personal name Mckay Barr William
245 ## - TITLE STATEMENT
Title Mckay's Building Construction
260 ## - PUBLICATION, DISTRIBUTION, ETC. (IMPRINT)
Place of publication, distribution, etc London
Name of publisher, distributor, etc T&F India,Routledge
Date of publication, distribution, etc 2017
942 ## - ADDED ENTRY ELEMENTS (KOHA)
Source of classification or shelving scheme
Holdings
Withdrawn status Lost status Source of classification or shelving scheme Damaged status Koha normalized classification for sorting Not for loan Permanent location Current location Date acquired Total Checkouts Total Renewals Full call number Barcode Date last seen Date last borrowed Price effective from Koha item type
        690_000000000000000_MCK   BMS College of Architecture, Design and Planning BMS College of Architecture, Design and Planning 2020-06-19 13 2 690 MCK AR-UG1662 2026-03-16 2026-03-11 2020-06-19 UG Books
Copyright © 2025, The Librarian, Library and Information Centre, BMSCA D&P, Bengaluru. All Rights Reserved
web counter

Powered by Koha